[Event "GMA"]
[Site "Gausdal NOR"]
[Date "2005.04.20"]
[Round "8"]
[White "Kulaots,K"]
[Black "Vidoniak,R"]
[Result "1-0"]
[WhiteElo "2572"]
[BlackElo "2417"]
[EventDate "2005.04.13"]

1. e4 c6 2. d4 d5 3. Nc3 dxe4 4. Nxe4 Bf5 5. Ng3 Bg6 6. h4 h6 7. Nf3 Nd7 8.
h5 Bh7 9. Bd3 Bxd3 10. Qxd3 e6 11. Bf4 Ngf6 12. O-O-O Be7 13. Kb1 Qa5 14.
Ne5 O-O 15. Qe2 Rfe8 16. Rd3 Rad8 17. Rhd1 Nxe5 18. dxe5 Nd5 19. Bd2 Qc7
20. f4 Nb6 21. Be3 Rxd3 22. Rxd3 Rd8 23. c4 Rxd3 24. Qxd3 c5 25. Ne4 Qd7
26. Qxd7 Nxd7 27. Kc2 Kf8 28. Kd3 b6 29. g4 Nb8 30. Bd2 Nc6 31. Bc3 g6 32.
Nf6 Bxf6 33. exf6 gxh5 34. gxh5 Ke8 35. Ke4 Kd7 36. f5 exf5+ 37. Kxf5 Nd4+
38. Bxd4 cxd4 39. Ke4 Ke6 40. Kxd4 Kxf6 41. Kd5 a5 42. Kc6 Kg5 43. Kxb6 f5
44. c5 f4 45. c6 f3 46. c7 f2 47. c8=Q f1=Q 48. Qc5+ Kh4 49. Kxa5 Qg2 50.
a4 Qa8+ 51. Kb4 Qb8+ 52. Ka3 Qg3+ 53. b3 Qg7 54. a5 Qa1+ 55. Kb4 Qe1+ 56.
Ka4 Qe8+ 57. Ka3 Qh8 58. a6 Qa1+ 59. Kb4 Qe1+ 60. Ka4 Qe8+ 61. Ka3 Qh8 62.
a7 Qa1+ 63. Kb4 Qa2 64. Qc4+ Kg3 65. Qg8+ 1-0

[Event "GMA"]
[Site "Gausdal NOR"]
[Date "2005.04.21"]
[Round "9"]
[White "Vidoniak,R"]
[Black "Bogner,S"]
[Result "1/2-1/2"]
[WhiteElo "2417"]
[BlackElo "2409"]
[EventDate "2005.04.13"]

1. d4 Nf6 2. c4 e6 3. Nf3 b6 4. a3 Bb7 5. Nc3 d5 6. Bg5 Be7 7. Qa4+ Qd7 8.
Qxd7+ Nbxd7 9. Nb5 Kd8 10. cxd5 Nxd5 11. e4 N5f6 12. Bf4 Ne8 13. Bd3 c6 14.
Nc3 h6 15. O-O-O Bd6 16. Bxd6 Nxd6 17. e5 Ne8 18. Ne4 Ke7 19. Rhe1 Rc8 20.
Kb1 c5 21. dxc5 Nxc5 22. Nxc5 Rxc5 23. Rc1 Rxc1+ 24. Rxc1 Bxf3 25. gxf3 Kd8
26. Ba6 Nc7 27. Bb7 Kd7 28. Rd1+ Ke7 29. Rc1 Kd7 30. Rd1+ Ke7 31. Rc1 Kd8
32. Rd1+ Ke8 33. Rh1 1/2-1/2

[Event "GMA"]
[Site "Gausdal NOR"]
[Date "2005.04.21"]
[Round "9"]
[White "Korneev,O"]
[Black "Pedersen,Ch"]
[Result "1/2-1/2"]
[WhiteElo "2611"]
[BlackElo "2396"]
[EventDate "2005.04.13"]

1. e4 c5 2. Nf3 d6 3. d4 cxd4 4. Nxd4 Nf6 5. Nc3 a6 6. Be3 e5 7. Nb3 Be6 8.
f3 Nbd7 9. g4 Nb6 10. g5 Nh5 11. Qd2 Be7 12. O-O-O O-O 13. Rg1 Rc8 14. Kb1
Qc7 15. Qf2 Bd8 16. Rd2 g6 17. f4 Nxf4 18. Bxf4 exf4 19. Qxf4 Be7 20. h4
Nc4 21. Bxc4 Qxc4 22. h5 f6 23. hxg6 fxg5 24. Qh2 hxg6 25. Nd4 Rf1+ 26. Rd1
Rxg1 27. Qxg1 Bf6 28. a3 Bf7 29. Rd3 Kg7 30. Nde2 Qe6 31. Qb6 d5 32. Qxb7
dxe4 33. Nxe4 Qc6 34. Qxc6 Rxc6 35. b3 Re6 36. N2g3 g4 37. c4 Bh4 38. Kc2
Bxg3 39. Nxg3 Kf6 40. Kd2 Kg5 41. b4 Kh4 42. b5 1/2-1/2

[Event "GMA"]
[Site "Gausdal NOR"]
[Date "2005.04.21"]
[Round "9"]
[White "Williams,Si"]
[Black "Nordahl,H"]
[Result "1/2-1/2"]
[WhiteElo "2466"]
[BlackElo "2402"]
[EventDate "2005.04.13"]

1. d4 Nf6 2. c4 g6 3. Nc3 Bg7 4. e4 d6 5. Be2 O-O 6. Be3 e5 7. d5 Na6 8. g4
Nc5 9. Bf3 Ne8 10. b4 Na6 11. a3 f5 12. gxf5 gxf5 13. exf5 e4 14. Nxe4 Bxf5
15. Ne2 Nf6 16. Ng5 Ng4 17. Bxg4 Bxg4 18. Rg1 Qd7 19. h3 Bxe2 20. Kxe2 Rae8
21. Ne6 Rf7 22. Qd4 c5 23. Qh4 Kh8 24. Rxg7 Rxg7 25. Qf6 Kg8 26. Nxg7 Qxg7
27. Qxg7+ Kxg7 28. b5 Nb8 29. Kd2 Nd7 30. Bf4 Nb6 31. Rg1+ 1/2-1/2

[Event "GMA"]
[Site "Gausdal NOR"]
[Date "2005.04.21"]
[Round "9"]
[White "Carlsen,M"]
[Black "Lie,K"]
[Result "1-0"]
[WhiteElo "2548"]
[BlackElo "2495"]
[EventDate "2005.04.13"]

1. d4 Nf6 2. Nf3 g6 3. g3 Bg7 4. Bg2 O-O 5. O-O d6 6. c4 c6 7. Nc3 Qb6 8.
h3 Qa6 9. b3 b5 10. Bg5 bxc4 11. bxc4 Qxc4 12. Rc1 Ba6 13. Re1 Qb4 14. e4
e5 15. dxe5 dxe5 16. Nxe5 Qa5 17. Nxf7 Rxf7 18. e5 Nbd7 19. exf6 Nxf6 20.
Bxf6 Bxf6 21. Ne4 Be7 22. Rxc6 Bb7 23. Re6 Rd8 24. Qe2 Bxe4 25. Qxe4 Bc5
26. Re2 Rdf8 27. Qd5 Qb4 28. Kh2 Kg7 29. Qe5+ Kg8 30. a3 Qd4 31. Qxd4 Bxd4
32. f4 Kg7 33. Bd5 Bf6 34. h4 Rd7 35. Be4 Rfd8 36. Kh3 Rd6 37. Rxd6 Rxd6
38. Rc2 Rd7 39. Kg4 Be7 40. a4 Rd4 41. Bc6 h5+ 42. Kh3 Bd6 43. Kg2 Bb4 44.
Kh3 Bd6 45. Be8 Rd3 46. Kg2 Re3 47. Rc6 Re6 48. Ra6 Kf8 49. Bb5 Rf6 50. Bd3
Kg7 51. Rxa7+ Kf8 52. a5 Bb4 53. a6 Rd6 54. Rc7 Rxd3 55. Rc8+ Kg7 56. a7
Rd2+ 57. Kf3 Rd3+ 58. Ke4 Ra3 59. a8=Q Rxg3 1-0